| 000 | 00791nam a2200193 i 4500 | ||
|---|---|---|---|
| 001 | 69040 | ||
| 003 | ES-MaACL | ||
| 005 | 20230906170424.0 | ||
| 008 | 040902m19121914sp a |||| | spa d | ||
| 245 | 0 | 0 |
_aTratado de terapéutica general y aplicada / _cbajo la dirección del Dr. Pablo Krause... y Carlos Garré ; traducido del alemán por ... Francisco Tous Biaggi ... [et al.]. |
| 260 |
_aBarcelona : _bManuel Marín, _c1912-1914. |
||
| 300 |
_a4 v. : _bil. ; _c25 cm. |
||
| 505 | 8 | _aI-II. Tratamiento general de las enfermedades internas - III-IV. Tratamiento especial de las enfermedades internas | |
| 650 | 0 | 4 |
_aTerapéutica. _917479 |
| 700 | 1 |
_aKrause, Paul. _968764 |
|
| 700 | 1 |
_aGarré, Karl. _955647 |
|
| 700 | 1 |
_aTous Biaggi, Francisco. _9111157 |
|
| 852 |
_aES-MaACL _jB-11487-90 |
||
| 999 |
_c69040 _d69040 |
||